|
|
|
|
| LEADER |
00813nam a22001937i 4500 |
| 003 |
GR-PaULI |
| 005 |
20210117210229.0 |
| 008 |
161027b1990 gr ||||f |||| 00| p gre d |
| 040 |
|
|
|a GR-PaULI
|b gre
|c GR-PaULI
|e AACR2
|
| 041 |
0 |
|
|a gre
|
| 082 |
0 |
4 |
|2 23
|a 889.134
|
| 100 |
1 |
|
|9 157889
|a Ελευθερίου, Αγγελική,
|d 1940-2015
|e συγγραφέας
|
| 245 |
1 |
0 |
|a Αργά τ΄ απόγευμα :
|b ποιήματα /
|c Αγγελική Ελευθερίου.
|
| 260 |
|
|
|a Αθήνα :
|b Καστανιώτης,
|c 1990.
|
| 300 |
|
|
|a 41 σ. ;
|c 21 εκ.
|
| 942 |
|
|
|2 ddc
|c BK15
|
| 952 |
|
|
|0 0
|1 0
|2 ddc
|4 0
|6 889_134000000000000_ΕΛΕ
|7 0
|9 206909
|a LISP
|b LISP
|c DON
|d 2016-10-27
|e ΒΑΛ
|i 128580
|l 1
|o 889.134 ΕΛΕ
|p 025000246308
|r 2018-12-20 00:00:00
|s 2018-11-20
|t 1
|y BK15
|
| 998 |
|
|
|c ΣΑΤΛΑΝΗΣ
|d 2016-10
|
| 999 |
|
|
|c 125806
|d 125806
|